000 01175cab a2200253 4500
001 ABS58805
008 090401t1998 xxu||||| |||| 00| 0 eng d
035 _a(Sirsi) u86229
041 _aeng
245 _aHayes v Humberside VT & Kingston Upon Hull CC
260 _c1998
350 _a0
490 _aRating Appeals
_v[1998] 3 RA 37-45(5)
520 _aCA 13 November 1997. The valuation tribunal decided that a dwelling fell within class C in regulation 2 of the Council Tax (Liability for Owners) Regulations 1992, being in multiple occupation following the provision of individual security locks to rooms. Freeholder H contended that this action did not constitute a sufficient adaptation of the premises, and that this was what would be needed to provide for that which the regulation had in mind. Appeal dismissed.
650 _aALTERATIONS
650 _aCOUNCIL TAX (LIABILITY OF OWNERS) REGULATIONS 1992
650 _aCOUNCIL TAX APPEALS
650 _aCOUNCIL TAX
650 _aHAYES V HUMBERSIDE VT & KINGSTON UPON HULL CC
650 _aHOUSES IN MULTIPLE OCCUPATION
690 _aRATING AND VALUATION-CASE LAW
942 _n0
948 _c15/05/1998
999 _c54244
_d54244